[Event "Ulm/Neu Ulm-ch"]
[Site "Ulm/Neu Ulm"]
[Date "2005.??.??"]
[Round "?"]
[White "Andritzke, Karl Heinz"]
[Black "Schroettner, Erwin"]
[Result "0-1"]
[WhiteElo "1467"]
[BlackElo "1414"]
[PlyCount "94"]
[EventDate "2005.11.26"]
[EventType "swiss"]
[EventRounds "7"]
[EventCountry "GER"]
[SourceTitle "EXT 2011"]
[Source "ChessBase"]
[SourceDate "2010.11.26"]
[SourceVersion "1"]
[SourceVersionDate "2010.11.26"]
[SourceQuality "1"]

1. f4 e6 2. Nf3 Bc5 3. e3 Nf6 4. b3 d6 5. Bb2 Nbd7 6. Be2 a6 7. d4 Bb6 8. 0-0 Nd5 9. Qc1 Qf6 10. c4 Ne7 11. Nbd2 Nf5 12. Ne4 Qe7 13. Bd3 Nh4 14. Qe1 Nf5 15. Ng3 Qf6 16. Rb1 Nxg3 17. Qxg3 Qh6 18. Qg5 Qxg5 19. Nxg5 h6 20. Nf3 Nf6 21. b4 Bd7 22. c5 Ba7 23. Rbc1 dxc5 24. dxc5 Bb5 25. Bxb5+ axb5 26. Rfd1 Nd5 27. Kf2 Nxb4 28. Bxg7 Rh7 29. Be5 Nd5 30. e4 Nb4 31. Bxc7 Rc8 32. Bb6 Bxb6 33. cxb6 Rxc1 34. Rxc1 Nd3+ 35. Ke3 Nxc1 36. Nd4 Nxa2 37. Nxb5 Kd7 38. Kd4 Kc6 39. Kc4 Kxb6 40. Nd4 Rh8 41. Ne2 Ra8 42. Kb3 Kc5 43. g3 b5 44. h4 b4 45. Ng1 Ra3+ 46. Kb2 Nc3 47. Nh3 Nxe4 0-1